<?xml version="1.0" encoding="UTF-8"?>
<collection xmlns="http://www.loc.gov/MARC21/slim">
<record>
  <controlfield tag="001">96999</controlfield>
  <controlfield tag="005">20251001112459.0</controlfield>
  <controlfield tag="008">200821s1649    sp a    r     ||| | spa d</controlfield>
  <datafield tag="037" ind1=" " ind2=" ">
    <subfield code="a">D_25_12</subfield>
  </datafield>
  <datafield tag="040" ind1=" " ind2=" ">
    <subfield code="d">CCPB</subfield>
    <subfield code="d">ES-ZaU</subfield>
    <subfield code="e">rdc</subfield>
  </datafield>
  <datafield tag="100" ind1="1" ind2=" ">
    <subfield code="a">Maldonado, José</subfield>
    <subfield code="c">(O.F.M.)</subfield>
  </datafield>
  <datafield tag="245" ind1="1" ind2="3">
    <subfield code="a">El mas escondido retiro del alma, en que se descubre la preciosa vida de los muertos y su glorioso sepulchro /</subfield>
    <subfield code="c">por ... Fray Joseph Maldonado ... de la Orden de ... San Francisco.</subfield>
  </datafield>
  <datafield tag="260" ind1=" " ind2=" ">
    <subfield code="a">En Çararagoza :</subfield>
    <subfield code="b">por Diego Dormer,</subfield>
    <subfield code="c">1649.</subfield>
  </datafield>
  <datafield tag="300" ind1=" " ind2=" ">
    <subfield code="a">[20], 418, [22] p., [1] h. de grab. ;</subfield>
    <subfield code="c">Fol.</subfield>
  </datafield>
  <datafield tag="506" ind1=" " ind2=" ">
    <subfield code="a">Access copy available to the general public</subfield>
    <subfield code="f">Unrestricted</subfield>
  </datafield>
  <datafield tag="540" ind1=" " ind2=" ">
    <subfield code="9">info:eu-repo/semantics/openAccess</subfield>
    <subfield code="a">by</subfield>
    <subfield code="u">https://creativecommons.org/licenses/by/4.0/deed.es</subfield>
  </datafield>
  <datafield tag="596" ind1=" " ind2=" ">
    <subfield code="a">El impresor consta en el colofón.</subfield>
  </datafield>
  <datafield tag="597" ind1=" " ind2=" ">
    <subfield code="a">Sign.: [ ]\p2\s, [cruz latina]\p6\s, A-Z\p6\s, 2A-2O\p6\s.</subfield>
  </datafield>
  <datafield tag="597" ind1=" " ind2=" ">
    <subfield code="a">Texto a dos columnas.</subfield>
  </datafield>
  <datafield tag="599" ind1=" " ind2=" ">
    <subfield code="a">Portada frontispicia: "Iuan de Noort F." [1] h. de grabado calcográfico firmada por "Iuan de Noort Fecit" antes del comienzo del texto.</subfield>
  </datafield>
  <datafield tag="650" ind1="0" ind2="4">
    <subfield code="a">Misticismo</subfield>
    <subfield code="v">Obras anteriores a 1800.</subfield>
    <subfield code="z">España</subfield>
  </datafield>
  <datafield tag="700" ind1="1" ind2=" ">
    <subfield code="a">Dormer, Diego,</subfield>
    <subfield code="d">fl. 1632-1673,</subfield>
    <subfield code="e">imp.</subfield>
  </datafield>
  <datafield tag="700" ind1="1" ind2=" ">
    <subfield code="a">Noort, Juan de,</subfield>
    <subfield code="d">1587-1652,</subfield>
    <subfield code="e">grab.</subfield>
  </datafield>
  <datafield tag="752" ind1=" " ind2=" ">
    <subfield code="a">España</subfield>
    <subfield code="b">Aragón</subfield>
    <subfield code="d">Zaragoza.</subfield>
  </datafield>
  <datafield tag="856" ind1="4" ind2=" ">
    <subfield code="s">418538</subfield>
    <subfield code="u">http://zaguan.unizar.es/record/96999/files/METS_carga_D_25_12.xml</subfield>
    <subfield code="y">Fichero METS</subfield>
  </datafield>
  <datafield tag="856" ind1="4" ind2=" ">
    <subfield code="s">66152480</subfield>
    <subfield code="u">http://zaguan.unizar.es/record/96999/files/D_25_12.pdf</subfield>
    <subfield code="y">Texto completo (PDF)</subfield>
  </datafield>
  <datafield tag="856" ind1="4" ind2=" ">
    <subfield code="s">133367</subfield>
    <subfield code="u">http://zaguan.unizar.es/record/96999/files/D_25_12.jpg?subformat=icon</subfield>
    <subfield code="x">icon</subfield>
    <subfield code="y">Texto completo (PDF)</subfield>
  </datafield>
  <datafield tag="907" ind1=" " ind2=" ">
    <subfield code="a">.b18614590</subfield>
    <subfield code="b">26-08-20</subfield>
    <subfield code="c">06-09-17</subfield>
  </datafield>
  <datafield tag="909" ind1="C" ind2="O">
    <subfield code="o">oai:zaguan.unizar.es:96999</subfield>
    <subfield code="p">fondo-historico</subfield>
    <subfield code="p">driver</subfield>
  </datafield>
  <datafield tag="927" ind1="1" ind2=" ">
    <subfield code="a">100</subfield>
    <subfield code="b">pm</subfield>
    <subfield code="d">200821</subfield>
  </datafield>
  <datafield tag="945" ind1=" " ind2=" ">
    <subfield code="a">D-25-12</subfield>
    <subfield code="g">1</subfield>
    <subfield code="l">100an</subfield>
    <subfield code="n">DIGITALIZACION 2020</subfield>
    <subfield code="o">d</subfield>
    <subfield code="p">&amp;#x20ac;0.00</subfield>
    <subfield code="q">-</subfield>
    <subfield code="r">f</subfield>
    <subfield code="s">-</subfield>
    <subfield code="t">20</subfield>
    <subfield code="u">0</subfield>
    <subfield code="v">0</subfield>
    <subfield code="w">0</subfield>
    <subfield code="x">0</subfield>
    <subfield code="y">.i22746353</subfield>
    <subfield code="z">21-08-20</subfield>
  </datafield>
  <datafield tag="970" ind1=" " ind2=" ">
    <subfield code="a">CCPB000033276-3</subfield>
  </datafield>
  <datafield tag="980" ind1=" " ind2=" ">
    <subfield code="a">FH</subfield>
    <subfield code="b">fondos</subfield>
  </datafield>
  <datafield tag="998" ind1=" " ind2=" ">
    <subfield code="a">100</subfield>
    <subfield code="b">21-08-20</subfield>
    <subfield code="c">m</subfield>
    <subfield code="d">a</subfield>
    <subfield code="e">a</subfield>
    <subfield code="f">spa</subfield>
    <subfield code="g">sp</subfield>
    <subfield code="h">3</subfield>
    <subfield code="i">0</subfield>
  </datafield>
</record>
</collection>